LEADER 01008nam--2200301---450- 001 990003284000203316 005 20090630112051.0 035 $a000328400 035 $aUSA01000328400 035 $a(ALEPH)000328400USA01 035 $a000328400 100 $a20090630d1960----km-y0itay50------ba 101 $aeng 102 $aUS 105 $a||||||||001yy 200 1 $a<> nature of the chemical bond and the structure of molecules and crystals: an introduction to modern structural chemistry 205 $a3 ed. 210 $aIthaca$cCornell University Press$d1960 215 $aXX, 644 p.$cill.$d25 cm 700 1$aPAULING,$bLinus$01567 801 0$aIT$bsalbc$gISBD 912 $a990003284000203316 951 $a541.224 PAU$b7537/CBS$c541.224$d00223774 959 $aBK 969 $aSCI 979 $aRSIAV6$b90$c20090630$lUSA01$h1120 996 $aNature of the chemical bond and the structure of molecules and crystals: an introduction to modern structural chemistry$91117555 997 $aUNISA LEADER 01376nam0 2200337 i 450 001 CFI0030281 005 20251003044112.0 020 $aIT$b88-9902 100 $a20130827d1986 ||||0itac50 ba 101 | $aita 102 $ait 181 1$6z01$ai $bxxxe 182 1$6z01$an 200 1 $aPassaporto per l'avventura$fJacek E. Palkiewicz 210 $aMilano$cMursia$dİ1986 215 $a187 p.$cill.$d25 cm. 225 | $aAvventura e sport 410 0$1001CFI0019246$12001 $aAvventura e sport 606 $aViaggi$2FIR$3CFIC004857$9E 676 $a910$9GEOGRAFIA E VIAGGI$v23 676 $a910.202$9GUIDE TURISTICHE DEL MONDO$v19 676 $a910.202$9GUIDE TURISTICHE$v20 700 1$aPalkiewicz$b, Jacek Edward$3CFIV009607$4070$01260266 801 3$aIT$bIT-000000$c20130827 850 $aIT-BN0095 901 $bNAP 01$cPOZZO LIB.$nVi sono collocati fondi di economia, periodici di ingegneria e scienze, periodici di economia e statistica e altri fondi comprendenti documenti di economia pervenuti in dono. 912 $aCFI0030281 950 0$aBiblioteca Centralizzata di Ateneo$c1 v.$d 01POZZO LIB.F. FRAGOLA 101$e 0101 0060061585E VMA 1 v. (Precedente collocazione F 9)$fB $h20221014$i20221019 977 $a 01 996 $aPassaporto per l'avventura$92920356 997 $aUNISANNIO